书目信息 |
| 题名: |
EDA技术与CPLD/FPGA开发应用简明教程
|
|
| 作者: | 刘爱荣 编著 | |
| 分册: | ||
| 出版信息: | 北京 清华大学出版社 2021.6 |
|
| 页数: | 421页 | |
| 开本: | 26cm | |
| 丛书名: | ||
| 单 册: | ||
| 中图分类: | TN702.2 , TP332.102 | |
| 科图分类: | ||
| 主题词: | 电子电路--计算机辅助设计--应用软件--高等学校--教材 , 可编程序逻辑阵列--设计--高等学校--教材 , 电子电路 , 计算机辅助设计 , 应用软件 , 可编程序逻辑阵列 | |
| 电子资源: | ||
| ISBN: | 978-7-302-33023-3 | |
| 000 | 01252nam0 2200349 45 | |
| 001 | 012001000311 | |
| 005 | 20211012144121.49 | |
| 010 | @a978-7-302-33023-3@dCNY69.00 | |
| 100 | @a20131205d2013 em y0chiy50 ea | |
| 101 | 0 | @achi |
| 102 | @aCN@b110000 | |
| 105 | @ay z 000yy | |
| 106 | @ar | |
| 200 | 1 | @aEDA技术与CPLD/FPGA开发应用简明教程@AEDA ji shu yu CPLD/FPGA kai fa ying yong jian ming jiao cheng@b专著@f刘爱荣[等]编著 |
| 205 | @a2版 | |
| 210 | @a北京@c清华大学出版社@d2021.6 | |
| 215 | @a421页@d26cm | |
| 300 | @a高等学校计算机应用规划教材 | |
| 304 | @a编著者还有:王振成、陈杨、叶建森 | |
| 330 | @a本书共分12章,详细介绍了EDA技术的基本知识、大规模可编程逻辑器件CPLD/FPGA的结构原理、EDA开发工具的使用方法、VHDL语言的语法结构和编程技巧、宏功能模块的应用、状态机和SOPC设计及应用。 | |
| 606 | 0 | @a电子电路@x计算机辅助设计@x应用软件@x高等学校@j教材 |
| 606 | 0 | @a可编程序逻辑阵列@x设计@x高等学校@j教材 |
| 606 | 0 | @a电子电路 |
| 606 | 0 | @a计算机辅助设计 |
| 606 | 0 | @a应用软件 |
| 606 | 0 | @a可编程序逻辑阵列 |
| 610 | 0 | @aEDA@aCPLD@aFPGA |
| 690 | @aTN702.2@v5 | |
| 690 | @aTP332.102@v5 | |
| 701 | 0 | @a刘爱荣@Aliu ai rong@c(女,@f1956 )@4编著 |
| 801 | 0 | @aCN@bBJSDL@c20211011 |
| 905 | @b1331214-7@dTN702.2@e390=2@f4 | |
| EDA技术与CPLD/FPGA开发应用简明教程/刘爱荣[等]编著.-2版.-北京:清华大学出版社,2021.6 |
| 421页;26cm |
| 高等学校计算机应用规划教材 |
| ISBN 978-7-302-33023-3:CNY69.00 |
| 本书共分12章,详细介绍了EDA技术的基本知识、大规模可编程逻辑器件CPLD/FPGA的结构原理、EDA开发工具的使用方法、VHDL语言的语法结构和编程技巧、宏功能模块的应用、状态机和SOPC设计及应用。 |
| ● |
| 相关链接 |
|
|
|
|
正题名:EDA技术与CPLD/FPGA开发应用简明教程
索取号:TN702.2/390=2
 
预约/预借
| 序号 | 登录号 | 条形码 | 馆藏地/架位号 | 状态 | 备注 |
| 1 | 1331214 | 213312146 | 第二样本阅览室/ [索取号:TN702.2/390=2] | 在馆 | |
| 2 | 1331215 | 213312155 | 第三借阅区/ [索取号:TN702.2/390=2] | 在馆 | |
| 3 | 1331216 | 213312164 | 第三借阅区/ [索取号:TN702.2/390=2] | 在馆 | |
| 4 | 1331217 | 213312173 | 第三借阅区/ [索取号:TN702.2/390=2] | 在馆 |